Biblioteca

Religion vs. science : (Registro nro. 67653)

Detalles MARC
000 -LÍDER
Campo fijo de descripción fija 03112cam a2200373 i 4500
001 - NÚMERO DE CONTROL
Campo de control 768714001
003 - IDENTIFICADOR DEL NÚMERO DE CONTROL
Campo de control CO-MdFUSB
005 - FECHA Y HORA DE LA ULTIMA TRANSACCIÓN
control field 20220404153946.0
007 - CAMPO FIJO DE DESCRIPCIÓN FIJA--INFORMACIÓN GENERAL
Campo fijo de descripción fija ta
008 - ELEMENTOS DE LONGITUD FIJA -- INFORMACIÓN GENERAL
Campo fijo de descripción fija -- Información general 170403t2018 nyu b 001 0 eng
020 ## - NÚMERO INTERNACIONAL NORMALIZADO PARA LIBROS
Número Internacional Normalizado del libro 0190650621
020 ## - NÚMERO INTERNACIONAL NORMALIZADO PARA LIBROS
Número Internacional Normalizado del libro 9780190650629
040 ## - FUENTE DE CATALOGACIÓN
Agencia de catalogación original DLC
Idioma de catalogación eng
Convenciones de la descripción rda
Agencia que realiza la transcripción CO-MdFUSB
Agencia que realiza la modificación BTCTA
-- YDX
-- BDX
-- OCLCF
-- YDX
-- OCLCO
-- CNTCS
-- IGA
-- GYG
-- CHVBK
-- UKMGB
-- YUS
-- IL4J6
-- OCLCO
-- LMR
041 ## - CÓDIGO DE IDIOMA
Código de idioma para texto/pista de sonido o título separado eng
082 ## - NÚMERO DE CLASIFICACIÓN DECIMAL DEWEY
Número de la edición del Dewey 23
Número de clasificación 201.65
Clave de autor-Numero de item EC19
100 1# - ASIENTO PRINCIPAL--NOMBRE PERSONAL
Nombre personal Ecklund, Elaine Howard,
Término relacionador autor.
245 10 - TÍTULO
Título del Material Religion vs. science :
Parte restante del título - Subtitulo what religious people really think /
Mención de responsabilidad, etc. Elaine Howard Ecklund , Christopher P. Scheitle.
246 3# - FORMA VARIANTE DEL TITULO
Título propiamente dicho/forma breve del título Religion versus science.
264 #1 - PRODUCCIÓN, PUBLICACIÓN, DISTRIBUCIÓN, MANUFACTURA, Y COPYRIGHT
Lugar de producción, publicación, distribución, manufactura New York, New York :
Nombre del productor, publicador, distribuidor Oxford University Press,
Fecha de producción, publicación, distribución, manufactura, o copyright [2018]
264 #4 - PRODUCCIÓN, PUBLICACIÓN, DISTRIBUCIÓN, MANUFACTURA, Y COPYRIGHT
Fecha de producción, publicación, distribución, manufactura, o copyright ©2018.
300 ## - DESCRIPCIÓN FÍSICA
Extensión 224 páginas ;
Dimensiones 25 cm.
336 ## - TIPO DE CONTENIDO
Término de tipo de contenido texto
Código de tipo de contenido txt
Fuente rdacontent.
337 ## - TIPO DE MEDIO
Nombre del tipo de medio sin mediación
Código del tipo de medio n
Fuente rdamedia.
338 ## - TIPO DE SOPORTE
Nombre del tipo de soporte volumen
Código Tipo de soporte nc
Fuente rdacarrier.
504 ## - NOTA DE BIBLIOGRAFÍA, ETC.
Nota de bibliografía, etc Incluye referencias bibliográficas e índice.
505 ## - NOTA DE CONTENIDO
Nota de contenido con formato preestablecido <br/>Más allá de los estereotipos y los mitos -- A las personas religiosas no les gusta la ciencia -- A las personas religiosas no les gustan los científicos -- Las personas religiosas no son científicos -- Las personas religiosas son todas creacionistas de la tierra joven -- Las personas religiosas niegan el cambio climático -- Las personas religiosas son contra la tecnología científica -- Más allá de los mitos, hacia las realidades.
520 ## - NOTA DE RESUMEN, ETC.
Nota de sumario, etc. Al final de un viaje de cinco años para encontrar lo que los estadounidenses religiosos piensan sobre la ciencia, Ecklund y Scheitle emergen con la historia real de la relación entre la ciencia y la religión en la cultura estadounidense. Basado en una encuesta integral que representa una variedad de tradiciones religiosas y posiciones de fe, Religión vs. Ciencia es una historia que tiene más matices y es más compleja de lo que los medios y los expertos nos harían creer. La forma en que los estadounidenses religiosos abordan la ciencia está determinada por dos preguntas fundamentales: ¿Qué significa la ciencia para la existencia y la actividad de Dios? ¿Qué significa la ciencia para la sacralidad de la humanidad? La forma en que estas preguntas se desarrollan cuando los creyentes individuales piensan en la ciencia desafía los estereotipos y destaca las tensiones reales entre la religión y la ciencia. Ecklund y Scheitle cuestionan el mito generalizado de que a las personas religiosas les desagradan la ciencia y los científicos y niegan las teorías científicas. Religión versus ciencia es una declaración definitiva sobre un tema actual y popular. En lugar de un enfoque altamente conceptual de los debates históricos, las filosofías o las opiniones personales, Ecklund y Scheitle brindan a los lectores una mirada empírica y real sobre lo que los estadounidenses religiosos realmente entienden y piensan sobre la ciencia.
563 ## - NOTA DE ENCUADERNACIÓN
Nota de encuadernación Pasta dura
650 #7 - ASIENTO SECUNDARIO DE MATERIA - TERMINO TEMÁTICO
Término temático o nombre geográfico como elemento de entrada Religión y ciencia
9 (RLIN) 259
700 1# - ASIENTO SECUNDARIO - NOMBRE PERSONAL
Nombre personal Scheitle, Christopher P.,
Fechas asociadas con el nombre 1981-
Responsabilidad autor
942 ## - TIPO DE MATERIAL (KOHA)
Tipo de Item KOHA Libros General
945 ## - INFORMACIÓN LOCAL DEL REGISTRO
Catalogador JTF-925
Existencias
Estado de Material Estado de Perdido Forma de Clasificación Estado de Dañado No para Préstamo Colección Biblioteca de Origen Biblioteca Permanente Fecha de Adquisición Área Total de Préstamos Signatura Topográfica Código de Barras Última vez visto Última vez Préstado Ejemplar/Existencia Fecha de Remplazo Tipo de Material
    Dewey Decimal Classification     Colección General Biblioteca FUSBC Biblioteca FUSBC 04/04/2022 BIBLIA 1 G 201.65 EC19r 21837 26/10/2022 25/10/2022 Ej.1 04/04/2022 Libros General

Biblioteca FUSBC | Teléfono: (57+4) 349 88 10 Ext. 141| WhatsApp (+57) 3005338115 
E-mail: biblioteca@unisbc.edu.co | Calle 76 87-14 Robledo Palenque, Medellín, Colombia

Con tecnología Koha